01013nam a2200265 a 450000100060000000300080000600500170001400800410003103500190007204000380009104100130012908200200014224501610016226000360032330000350035949000280039450001490042250000390057150400310061065000220064183000060066370000180066970000320068783000280071932333BD-RjUL20211209051822.0140426t1957 ne 000 0 san d a(BD-RjUL)32422 aMDYcMDYdm.c.dm/cdBD-RjULbeng0 asanbeng04a294.3bCIK 195710aÇikshāsamuccaya :ba compendium of Buddhistic teaching /ccompiled by Çāntideva chiefly from earlier Mahāyāna-sūtras ; edited by Cecil Bendall a's-Gravenhage :bMouton,c1957. axlvii, 419 p. :bill. ;c25 cm1 aIndo-Iranian reprints ; a"Photomechanic reprint." Originally published by the Imperial Academy of Sciences, St. Petersburg, 1897-1902, as v.1 of the Bibliotheca buddhica aText in Sanskrit, notes in English aBibliographical reference. 0aMahayana Buddhism 0v11 aŚāntideva1 aBendall, Cecil,d1856-1906. 0aIndo-Iranian reprints ;